Railway roadbeds for tomorrow / (Record no. 547289)

000 -LEADER
fixed length control field 00337nam a22001337a 4500
082 ## - DEWEY DECIMAL CLASSIFICATION NUMBER
Classification number 625.123
Author Mark ASP
100 ## - MAIN ENTRY--PERSONAL NAME
Personal name The asphalt institute,
9 (RLIN) 20237
245 ## - TITLE STATEMENT
Title Railway roadbeds for tomorrow /
260 ## - PUBLICATION, DISTRIBUTION, ETC.
Place of publication, distribution, etc. USA:
Date of publication, distribution, etc. c 1966
300 ## - PHYSICAL DESCRIPTION
Other physical details ill, ;
Dimensions 28 cm
526 ## - STUDY PROGRAM INFORMATION NOTE
Program name 0
Interest level 0
Reading level 0
Title point value 625_123000000000000_ASP
650 ## - SUBJECT ADDED ENTRY--TOPICAL TERM
Topical term or geographic name entry element MCE
9 (RLIN) 379
942 ## - ADDED ENTRY ELEMENTS (KOHA)
Source of classification or shelving scheme
Koha item type Book
Holdings
Withdrawn status Lost status Source of classification or shelving scheme Damaged status Not for loan Permanent Location Current Location Date acquired Total Checkouts Full call number Barcode Date last seen Price effective from Koha item type
          Military College of Engineering (MCE) Military College of Engineering (MCE) 07/07/2014   625.123 ASP MCE-41974 07/07/2014 07/07/2014 Book
© 2023 Central Library, National University of Sciences and Technology. All Rights Reserved.